Statistics for Major Nations of Europe In 1444

Click here to take the quiz!

General Stats

  • This quiz has been taken 279 times
  • The average score is 12 of 15

Answer Stats

LocationAnswer% Correct
British IslesEngland
100%
Western EuropeFrance
97%
Iberian PenisulaPortugal
94%
Iberian PenisulaCastille
88%
Iberian PenisulaAragon
87%
ScandenaviaDenmark
87%
Eastern EuropePoland
87%
Middle EuropeAustria
85%
BalkansHungary
85%
Eastern EuropeLithuania
81%
ItalyVenice
81%
ItalyPapal States
70%
Western EuropeBurgundy
56%
Asia MinorOttomans
54%
Eastern EuropeMoscovy
15%

Score Distribution

Percentile by Number Answered

Percent of People with Each Score

Your Score History

You have not taken this quiz